Gema serunai hati 4 (Record no. 93955)

MARC details
000 -LEADER
fixed length control field 00826nam a2200265 i 4500
001 - CONTROL NUMBER
control field C2-0288327
003 - CONTROL NUMBER IDENTIFIER
control field PPAK
005 - DATE AND TIME OF LATEST TRANSACTION
control field 20180728021445.0
008 - FIXED-LENGTH DATA ELEMENTS--GENERAL INFORMATION
fixed length control field 080430s1999 my |||| ||||| | may d
020 ## - INTERNATIONAL STANDARD BOOK NUMBER
International Standard Book Number 9789832118022 ; 9832118026
040 ## - CATALOGING SOURCE
Original cataloging agency PPAK
Language of cataloging eng
Transcribing agency PPAK
Description conventions rda
082 04 - DEWEY DECIMAL CLASSIFICATION NUMBER
Classification number 899.231
Edition number 23
090 00 - LOCALLY ASSIGNED LC-TYPE CALL NUMBER (OCLC); LOCAL CALL NUMBER (RLIN)
Classification number (OCLC) (R) ; Classification number, CALL (RLIN) (NR) 899.231
Feature heading GEM
Feature heading KK
Classification number (OCLC) (R) ; Classification number, CALL (RLIN) (NR) 899.231
Feature heading GEM
Feature heading KSS
245 00 - TITLE STATEMENT
Title Gema serunai hati 4
264 #1 - PRODUCTION, PUBLICATION, DISTRIBUTION, MANUFACTURE, AND COPYRIGHT NOTICE
Place of production, publication, distribution, manufacture Seremban, Negeri Sembilan :
Name of producer, publisher, distributor, manufacturer Koperasi Penulis Negeri Sembilan Berhad (KOPPEN) ,
Date of production, publication, distribution, manufacture, or copyright notice 1999
300 ## - PHYSICAL DESCRIPTION
Extent x, 148 pages ;
Dimensions 22 cm
336 ## - CONTENT TYPE
Source rdacontent
Content type term text
337 ## - MEDIA TYPE
Source rdamedia
Media type term unmediated
338 ## - CARRIER TYPE
Source rdacarrier
Carrier type term volume
500 ## - GENERAL NOTE
General note Sempena tahun melawat Negeri Sembilan '99 Hari Puisi Nasional ke-14 sambutan ulang tahun PEN ke-30
650 10 - SUBJECT ADDED ENTRY--TOPICAL TERM
Topical term or geographic name entry element Malay poetry.
700 ## - ADDED ENTRY--PERSONAL NAME
Relator term author
942 ## - ADDED ENTRY ELEMENTS (KOHA)
-- dc
Koha item type Book
Holdings
Withdrawn Not for loan Current library Shelving location Date acquired Full call number Barcode Date last seen Koha item type Total Checkouts
  Not For Loan Perpustakaan Alor Setar Koleksi Shaidun Shaari 30/04/2008 KSS 899.231 GEM A00507476 09/05/2018 Book  
  Not For Loan Perpustakaan Alor Setar Koleksi Kedah 26/01/2016 KK 899.231 GEM A00366783 09/05/2018 Book  
  Not For Loan Perpustakaan Alor Setar Koleksi Shaidun Shaari 12/05/2008 KSS 899.231 GEM A00507977 09/05/2018 Book  
  Not For Loan Perpustakaan Alor Setar Koleksi Halim R 30/09/2025 KHR 899.231 GEM A00501270 30/09/2025 Book